[Event "4NCL Online Division 4"]
[Site "online"]
[Date "2022.02.08"]
[EventDate "2022.02.08"]
[Round "2.104"]
[White "Kirkman, Nigel J"]
[WhiteElo "1692"]
[WhiteTeam "Calstock Killers"]
[Black "Jebananthan, Jeshan"]
[BlackElo "1245"]
[BlackTeam "Uxbridge D"]
[Result "1-0"]
[PlyCount "55"]

1. c4 e5 2. g3 Nf6 3. Bg2 d5 4. cxd5 Nxd5 5. Nc3 Be6 6. Nxd5 Bxd5 7. e4 Bc6 8. Qb3 Nd7 9. Qc3 Nc5 10. Qxe5+ Qe7 11. Qxe7+ Bxe7 12. d4 Nxe4 13. Bxe4 Bxe4 14. f3 Bd5 15. Kf2 O-O-O 16. Ne2 c5 17. Be3 Bc6 18. Rac1 b6 19. dxc5 bxc5 20. Bxc5 Bg5 21. Rc2 Rd7 22. Re1 Re8 23. f4 Bf6 24. Rec1 Kd8 25. Bb4 Bd4+ 26. Nxd4 Rxd4 27. Ba5+ Kd7 28. Rxc6 1-0

[Event "4NCL Online Division 4"]
[Site "online"]
[Date "2022.02.08"]
[EventDate "2022.02.08"]
[Round "2.111"]
[White "Homer, Stephen J"]
[WhiteElo "1986"]
[WhiteTeam "Jurassic Coast"]
[Black "Glover, John"]
[BlackElo "1631"]
[BlackTeam "War & Piece Nimrod"]
[Result "1-0"]
[PlyCount "55"]

1. e4 d5 2. exd5 Qxd5 3. Nc3 Qd8 4. Bc4 Nf6 5. Nf3 e6 6. d4 Be7 7. Bf4 c6 8. Qe2 Nbd7 9. O-O O-O 10. Rfe1 Nb6 11. Bd3 Nbd5 12. Nxd5 cxd5 13. Ne5 Bd7 14. a4 Rc8 15. c3 Qe8 16. a5 a6 17. Qf3 Bb5 18. Bc2 Qd8 19. Qh3 Re8 20. Ng4 g6 21. Nh6+ Kg7 22. Be5 Bd6 23. f4 Bxe5 24. Rxe5 Nh5 25. Rxh5 gxh5 26. Qxh5 Rc7 27. Ng4 Rh8 28. Qh6+ 1-0

[Event "4NCL Online Division 4"]
[Site "online"]
[Date "2022.02.08"]
[EventDate "2022.02.08"]
[Round "2.112"]
[White "Dray-Pearce, Tristan"]
[WhiteElo "1578"]
[WhiteTeam "War & Piece Nimrod"]
[Black "Li, Ethan"]
[BlackElo "1851"]
[BlackTeam "Jurassic Coast"]
[Result "0-1"]
[PlyCount "138"]

1. d4 Nf6 2. Bf4 e6 3. e3 d5 4. Nd2 Bd6 5. Bg3 c5 6. c3 Nc6 7. Bd3 e5 8. dxc5 Bxc5 9. Bb5 Bd6 10. Ngf3 Qe7 11. O-O O-O 12. Qa4 Bd7 13. Bh4 a6 14. Bxc6 bxc6 15. Qc2 Rab8 16. e4 Rfe8 17. Rfe1 a5 18. Rad1 h6 19. Bg3 Nh5 20. exd5 Nxg3 21. hxg3 cxd5 22. Nf1 Bc6 23. Nd4 Qb7 24. Nxc6 Qxc6 25. Ne3 Qb6 26. Nxd5 Qxb2 27. Qxb2 Rxb2 28. Nf6+ gxf6 29. Rxd6 Kg7 30. Ra1 Rc8 31. Rd5 a4 32. Ra5 Rc4 33. f3 Rxc3 34. Rxa4 Rcc2 35. Rg4+ Kf8 36. a4 Rxg2+ 37. Kf1 Rbf2+ 38. Ke1 Rxf3 39. Rh4 Rfxg3 40. Rxh6 Rg1+ 41. Kf2 Rxa1 42. Kxg3 Rxa4 43. Rxf6 Ke7 44. Rb6 Rd4 45. Kf3 Rd6 46. Rb5 Ke6 47. Ke4 f5+ 48. Ke3 f4+ 49. Kf3 Kf5 50. Rb4 Rd4 51. Rb3 e4+ 52. Ke2 Kg4 53. Rb8 Rd5 54. Rg8+ Rg5 55. Re8 Kf5 56. Rf8+ Ke5 57. Re8+ Kd4 58. Rd8+ Rd5 59. Re8 f3+ 60. Kf2 Ra5 61. Rd8+ Ke5 62. Re8+ Kf4 63. Rf8+ Rf5 64. Re8 Rf7 65. Re6 Kf5 66. Re8 Rg7 67. Rf8+ Ke6 68. Rf4 Rg2+ 69. Ke3 Re2+ 0-1

[Event "4NCL Online Division 4"]
[Site "online"]
[Date "2022.02.08"]
[EventDate "2022.02.08"]
[Round "2.113"]
[White "Keen, Charles E"]
[WhiteElo "1780"]
[WhiteTeam "Jurassic Coast"]
[Black "Chwieseni, Edward I"]
[BlackElo "1624"]
[BlackTeam "War & Piece Nimrod"]
[Result "0-1"]
[PlyCount "168"]

1. e4 e5 2. Nf3 Nc6 3. Bb5 Nf6 4. O-O Bc5 5. c3 O-O 6. Re1 a6 7. Bxc6 dxc6 8. Nxe5 Re8 9. d4 Bd6 10. Bf4 Nd7 11. Nd3 Bxf4 12. Nxf4 Nf6 13. Nd2 Ng4 14. Qf3 Qg5 15. e5 Nh6 16. Ne4 Qe7 17. h3 Be6 18. Nxe6 Qxe6 19. Nc5 Qd5 20. Qf4 b6 21. Ne4 Qe6 22. Qg5 Kf8 23. Re3 Qf5 24. Qh4 Re6 25. Ng3 Qc2 26. Re2 Qd3 27. Rae1 Nf5 28. Nxf5 Qxf5 29. g4 Qd3 30. Re3 Qc2 31. R1e2 Qb1+ 32. Kg2 h6 33. a3 Rae8 34. f4 Rg6 35. f5 Qxf5 36. Rf3 Qe6 37. Ref2 Re7 38. Rf5 Qd5+ 39. Kg1 Ke8 40. Qg3 Qe4 41. R5f4 Qb1+ 42. Kh2 f6 43. exf6 Rxf6 44. Rxf6 gxf6 45. Qf3 Qe4 46. Qxf6 Qe6 47. Qf8+ Kd7 48. Qf5 Kd6 49. Qxe6+ Rxe6 50. Kg3 c5 51. Rd2 Kd5 52. b3 Re3+ 53. Kh4 Rxc3 54. dxc5+ Kxc5 55. b4+ Kc6 56. Ra2 Kd5 57. Rd2+ Ke6 58. a4 Kf6 59. Rd4 Ke5 60. Rd7 Rc4 61. Rh7 Rc6 62. g5 hxg5+ 63. Kxg5 Rc3 64. h4 Rg3+ 65. Kh6 c5 66. bxc5 bxc5 67. Rc7 Kd4 68. h5 c4 69. Rc6 a5 70. Rd6+ Kc5 71. Rg6 Rh3 72. Rg5+ Kb4 73. Kg7 c3 74. h6 c2 75. Rb5+ Kxa4 76. Rc5 Kb3 77. h7 Kb2 78. h8=Q Rxh8 79. Kxh8 c1=Q 80. Rxc1 Kxc1 81. Kg7 a4 82. Kf6 a3 83. Ke5 a2 84. Kd4 a1=Q+ 0-1

[Event "4NCL Online Division 4"]
[Site "online"]
[Date "2022.02.08"]
[EventDate "2022.02.08"]
[Round "2.114"]
[White "Chapman, Chas"]
[WhiteElo "1545"]
[WhiteTeam "War & Piece Nimrod"]
[Black "Southall, Christopher M"]
[BlackElo "1495"]
[BlackTeam "Jurassic Coast"]
[Result "0-1"]
[PlyCount "72"]

1. e4 d6 2. d4 Nf6 3. Nc3 Nbd7 4. Bg5 e5 5. Nf3 c6 6. Bc4 Be7 7. O-O h6 8. Be3 b5 9. dxe5 dxe5 10. Bb3 b4 11. Na4 Nxe4 12. Nd2 Ndc5 13. Nxc5 Nxc5 14. Bxc5 Bxc5 15. Nf3 Qxd1 16. Rfxd1 f6 17. Rd2 Bg4 18. h3 Bxf3 19. gxf3 Rd8 20. Rad1 Ke7 21. Ba4 Bd4 22. Bxc6 Rd6 23. Be4 Rhd8 24. Rb1 Ra6 25. a3 bxa3 26. bxa3 Rxa3 27. Kg2 Bb6 28. Re2 Ke6 29. Kg3 f5 30. Bd3 g5 31. h4 Ra4 32. hxg5 hxg5 33. Rb5 Ra5 34. Rxa5 Bxa5 35. Bc4+ Kf6 36. Bb5 Rd4 0-1

[Event "4NCL Online Division 4"]
[Site "online"]
[Date "2022.02.08"]
[EventDate "2022.02.08"]
[Round "2.121"]
[White "Doyle, Jamie"]
[WhiteElo "1684"]
[WhiteTeam "Wessex Some Stars F"]
[Black "Constable, Christine F"]
[BlackElo "1415"]
[BlackTeam "Bude Beach Surfers"]
[Result "1-0"]
[PlyCount "147"]

1. e4 g6 2. d4 Bg7 3. Nc3 d6 4. Nf3 a6 5. Bf4 b5 6. a3 Nd7 7. e5 e6 8. exd6 cxd6 9. Bxd6 Qb6 10. Bf4 Bb7 11. Be3 Qc7 12. Be2 Ne7 13. O-O O-O 14. Rc1 Nf5 15. Qd2 Nf6 16. Bf4 Qd8 17. Rfd1 Qd7 18. Ne5 Qc8 19. g4 Ne7 20. Bh6 Nc6 21. g5 Bxh6 22. gxh6 Nxe5 23. dxe5 Qc6 24. f3 Qc5+ 25. Kf1 Qxe5 26. Qd4 Qxd4 27. Rxd4 Rac8 28. Kf2 Rc5 29. a4 Rh5 30. h4 Rf5 31. axb5 axb5 32. Nxb5 Bxf3 33. Bxf3 Rxb5 34. b3 Rf5 35. Ke2 e5 36. Rb4 Rd8 37. Rd1 Rc8 38. c4 Kf8 39. Rd6 Ke7 40. Ra6 Rc7 41. Rb5 Nd7 42. Bg4 Rf4 43. Bxd7 Kxd7 44. Rxe5 Rxh4 45. Rd5+ Ke7 46. Kd3 Rxh6 47. c5 Rh3+ 48. Kc4 f5 49. b4 f4 50. b5 f3 51. Kd3 Rh2 52. b6 Rd7 53. Rxd7+ Kxd7 54. b7 Kc7 55. c6 f2 56. Ke2 g5 57. Ra8 f1=Q+ 58. Kxf1 Rb2 59. Rc8+ Kd6 60. b8=Q+ Rxb8 61. Rxb8 Kxc6 62. Rh8 g4 63. Rxh7 g3 64. Rg7 g2+ 65. Rxg2 Kd5 66. Ke2 Kc4 67. Rg4+ Kc3 68. Ke3 Kc2 69. Rc4+ Kb3 70. Kd3 Kb2 71. Rb4+ Ka3 72. Kc3 Ka2 73. Rb8 Ka1 74. Kc2 1-0

[Event "4NCL Online Division 4"]
[Site "online"]
[Date "2022.02.08"]
[EventDate "2022.02.08"]
[Round "2.122"]
[White "Nunn, Michael"]
[WhiteElo "1451"]
[WhiteTeam "Bude Beach Surfers"]
[Black "Joyce, Tim"]
[BlackElo "1656"]
[BlackTeam "Wessex Some Stars F"]
[Result "1-0"]
[PlyCount "47"]

1. e4 c5 2. d4 cxd4 3. c3 d3 4. Bxd3 d6 5. Nf3 Nf6 6. c4 g6 7. Nc3 Bg7 8. O-O Nc6 9. Re1 Bg4 10. Be3 Ne5 11. Qa4+ Qd7 12. Nxe5 Qxa4 13. Nxa4 dxe5 14. Bc5 b6 15. Ba3 Rd8 16. Be2 Bxe2 17. Rxe2 Rd4 18. Nc3 Rxc4 19. Rd1 Nd7 20. Nb5 a6 21. Red2 axb5 22. Rxd7 Rc8 23. Rxe7+ Kf8 24. Rc7+ 1-0

[Event "4NCL Online Division 4"]
[Site "online"]
[Date "2022.02.08"]
[EventDate "2022.02.08"]
[Round "2.123"]
[White "Blanden, Edward"]
[WhiteElo "1648"]
[WhiteTeam "Wessex Some Stars F"]
[Black "Haynes, Indigo"]
[BlackElo "1075"]
[BlackTeam "Bude Beach Surfers"]
[Result "1-0"]
[PlyCount "45"]

1. c4 e5 2. g3 Nc6 3. Bg2 Nf6 4. Nf3 d5 5. cxd5 Qxd5 6. Nc3 Qc5 7. d3 Qb4 8. a3 Qb6 9. O-O Be6 10. b4 O-O-O 11. Be3 Nd4 12. Nxe5 Qd6 13. Bf4 Qb6 14. Rb1 Nb5 15. Nxb5 Qxb5 16. a4 Qb6 17. b5 Nd5 18. Bxd5 Bxd5 19. Qc2 c6 20. bxc6 bxc6 21. Rxb6 axb6 22. Nxc6 Bxc6 23. Qxc6# 1-0

[Event "4NCL Online Division 4"]
[Site "online"]
[Date "2022.02.08"]
[EventDate "2022.02.08"]
[Round "2.124"]
[White "Ongley, Kieran M"]
[WhiteElo "846"]
[WhiteTeam "Bude Beach Surfers"]
[Black "Hillman, Graham"]
[BlackElo "1630"]
[BlackTeam "Wessex Some Stars F"]
[Result "0-1"]
[PlyCount "54"]

1. d4 Nf6 2. Nc3 c5 3. dxc5 e5 4. b4 a5 5. bxa5 Bxc5 6. Bg5 Bxf2+ 7. Kxf2 Ng4+ 8. Ke1 Qxg5 9. Nd5 Qd8 10. Nf3 f6 11. g3 Nc6 12. Bh3 Nh6 13. Kf1 Ne7 14. Nb6 Rxa5 15. Nc4 Rd5 16. Qe1 O-O 17. a4 d6 18. a5 Bxh3+ 19. Kg1 Qc7 20. Nb6 Rc5 21. Qb4 Rxc2 22. Qe1 Qc5+ 23. Qf2 Rxe2 24. Rf1 Rxf2 25. Rxf2 Qc1+ 26. Ne1 Qxe1+ 27. Rf1 Qxf1# 0-1

[Event "4NCL Online Division 4"]
[Site "online"]
[Date "2022.02.08"]
[EventDate "2022.02.08"]
[Round "2.131"]
[White "Wilby, Robert G"]
[WhiteElo "1675"]
[WhiteTeam "Plymouth 2"]
[Black "Pereira, Nolan"]
[BlackElo "1900"]
[BlackTeam "Colchester JFF A"]
[Result "0-1"]
[PlyCount "104"]

1. d4 Nf6 2. e3 e6 3. Bd3 c5 4. c3 Nc6 5. f4 d5 6. Nf3 cxd4 7. exd4 Bd6 8. O-O O-O 9. Ne5 Nd7 10. Qh5 f5 11. Nd2 Nf6 12. Qe2 a5 13. a4 Bd7 14. Ndf3 Qc7 15. Ng5 Ne4 16. Qh5 Nxg5 17. Qxg5 Be7 18. Qh5 Nxe5 19. fxe5 Be8 20. Qe2 h6 21. Bd2 Bg6 22. Qe1 Bh7 23. Rc1 Rf7 24. c4 Qb6 25. Bc3 dxc4 26. Bxc4 Raf8 27. Rd1 f4 28. Bxa5 Qc6 29. Bb5 Qd5 30. Bc3 f3 31. Rf2 fxg2 32. Rxg2 Be4 33. Rgd2 Rf5 34. h4 Bxh4 35. Qxh4 Rg5+ 36. Kh2 Bf3 37. Qe1 Rf4 38. Bf1 Rh5+ 39. Bh3 Rfh4 40. Qxh4 Rxh4 41. Kg3 Rxh3+ 42. Kxh3 Bxd1 43. Rf2 Bxa4 44. Kg3 Qe4 45. Rf4 Qh1 46. Kf2 Bc6 47. Ke2 h5 48. Be1 Bb5+ 49. Kd2 Qg2+ 50. Bf2 h4 51. Ke3 h3 52. Rf3 Qg5+ 0-1

[Event "4NCL Online Division 4"]
[Site "online"]
[Date "2022.02.08"]
[EventDate "2022.02.08"]
[Round "2.132"]
[White "Rida, Ruqayyah"]
[WhiteElo "1655"]
[WhiteTeam "Colchester JFF A"]
[Black "Hart-Davis, Adam"]
[BlackElo "1701"]
[BlackTeam "Plymouth 2"]
[Result "1-0"]
[PlyCount "67"]

1. e4 d5 2. exd5 Qxd5 3. Nc3 Qa5 4. Nf3 Nf6 5. d4 c6 6. Bd2 Qc7 7. Bd3 Bg4 8. Be2 e6 9. h3 Bh5 10. Be3 Bd6 11. Qd2 Nbd7 12. a3 Bg6 13. Nh4 Ne4 14. Nxe4 Bxe4 15. Nf3 Nf6 16. c4 O-O 17. O-O Rfd8 18. Rad1 Rd7 19. Qc1 Rad8 20. c5 Be7 21. Bf4 Qc8 22. Be5 Nd5 23. Nd2 Bg6 24. Nc4 f6 25. Bd6 Bxd6 26. Nxd6 Rxd6 27. cxd6 Rxd6 28. Bf3 Qd7 29. Rfe1 Nb6 30. Qe3 Nc4 31. Qc3 Ne5 32. dxe5 Rxd1 33. Rxd1 Qe7 34. exf6 1-0

[Event "4NCL Online Division 4"]
[Site "online"]
[Date "2022.02.08"]
[EventDate "2022.02.08"]
[Round "2.133"]
[White "Caleshu, Caleb"]
[WhiteElo "1521"]
[WhiteTeam "Plymouth 2"]
[Black "Catabay, Mae Katelyn Rose"]
[BlackElo "1586"]
[BlackTeam "Colchester JFF A"]
[Result "0-1"]
[PlyCount "70"]

1. e4 e5 2. Nf3 Nc6 3. Bc4 Bc5 4. c3 Nf6 5. d3 d6 6. O-O Be6 7. Bb3 O-O 8. Bc2 Bb6 9. Be3 Qd7 10. Bxb6 axb6 11. d4 exd4 12. cxd4 Bg4 13. d5 Bxf3 14. Qxf3 Ne5 15. Qb3 Rfe8 16. Nc3 Qg4 17. Nb5 Rac8 18. Rae1 Ng6 19. f3 Qg5 20. g3 Nh5 21. Kh1 Nf6 22. Qd3 Ne5 23. Qe2 Qh6 24. Nd4 g6 25. f4 Nh5 26. Qg2 Nc4 27. Rf3 Nf6 28. Ba4 Rxe4 29. Rxe4 Nxe4 30. Rd3 Nc5 31. Rc3 Nxa4 32. Rxc4 Re8 33. Qc2 Qh3 34. Nf3 Re1+ 35. Ng1 Qf1 0-1

[Event "4NCL Online Division 4"]
[Site "online"]
[Date "2022.02.08"]
[EventDate "2022.02.08"]
[Round "2.134"]
[White "Chung, Vince"]
[WhiteElo "1417"]
[WhiteTeam "Colchester JFF A"]
[Black "Tatam, Anthony"]
[BlackElo "1572"]
[BlackTeam "Plymouth 2"]
[Result "1/2-1/2"]
[PlyCount "233"]

1. e4 e5 2. Nf3 Nc6 3. Bc4 Bc5 4. b4 Bxb4 5. c3 Ba5 6. Qb3 Qf6 7. d4 exd4 8. Bg5 Qg6 9. O-O Bb6 10. Bd2 Na5 11. Qa4 Nxc4 12. Qxc4 Nf6 13. Ne5 Qh5 14. cxd4 d6 15. Nf3 O-O 16. Nc3 Be6 17. d5 Bd7 18. Bf4 Rac8 19. e5 dxe5 20. Nxe5 Bf5 21. Rad1 Nd7 22. h3 Nxe5 23. Bxe5 Qg6 24. g4 h5 25. Qf4 hxg4 26. hxg4 Qxg4+ 27. Qxg4 Bxg4 28. Rd3 Bf5 29. Rg3 f6 30. Bf4 Rce8 31. Na4 Re4 32. Bh6 Rf7 33. Nxb6 axb6 34. f3 Rd4 35. Re1 Kf8 36. Bc1 Rxd5 37. Ba3+ c5 38. f4 b5 39. Rge3 Bd7 40. Kg2 b4 41. Bb2 Rd2+ 42. R3e2 Rxe2+ 43. Rxe2 Re7 44. Rc2 b6 45. a3 b3 46. Rd2 Be8 47. Kf3 Bh5+ 48. Kg3 c4 49. Rh2 Re3+ 50. Kf2 Re2+ 51. Kg3 Rxh2 52. Kxh2 Kf7 53. Kg2 Ke6 54. Kf2 Kf5 55. Kg3 b5 56. Bc3 Bd1 57. Bb2 Bc2 58. Bc3 g5 59. fxg5 Kxg5 60. Kf3 f5 61. Bd2+ Kf6 62. Bc3+ Ke6 63. Kf4 Be4 64. Be5 Bc2 65. Bb2 Kd6 66. Ke3 Kc5 67. Bd4+ Kd5 68. Bc3 Kc6 69. Kf4 Kb6 70. Ke5 Kc6 71. Bd4 Be4 72. Bc3 Kb7 73. Kf4 Kb6 74. Ke5 Bd3 75. Kf4 Kc5 76. Ke5 b2 77. Bxb2 b4 78. axb4+ Kxb4 79. Kd4 Kb3 80. Ba1 Bb1 81. Bc3 Bd3 82. Bd2 Kc2 83. Be3 Be4 84. Kxc4 Bd3+ 85. Kd4 Be4 86. Ke5 Kd3 87. Bf4 Ke2 88. Bg5 Kf3 89. Bf4 Kg4 90. Bh6 Kh5 91. Bf4 Kg6 92. Bg3 Kg5 93. Bh2 Kg4 94. Bf4 Bc2 95. Bh6 Kf3 96. Bf4 Be4 97. Bh2 Kg4 98. Bf4 Bd3 99. Bh6 Kh5 100. Bf4 Kg6 101. Bh2 Kf7 102. Bf4 Ke7 103. Bh2 Kd7 104. Bf4 Kc6 105. Bh2 Kc5 106. Bf4 Kc4 107. Bh2 Be4 108. Bf4 Kd3 109. Bh2 Ke3 110. Bg3 Bd3 111. Bh2 Kf3 112. Bf4 Kg2 113. Bg5 Be4 114. Bf4 Kf2 115. Bg5 Kg3 116. Bh6 Kg4 117. Bf4 1/2-1/2

[Event "4NCL Online Division 4"]
[Site "online"]
[Date "2022.02.08"]
[EventDate "2022.02.08"]
[Round "2.141"]
[White "Thomas, Jacob"]
[WhiteElo "1462"]
[WhiteTeam "War & Piece Banner"]
[Black "Anderson, James"]
[BlackElo "1630"]
[BlackTeam "Dundee City D"]
[Result "1/2-1/2"]
[PlyCount "72"]

1. e4 c6 2. d4 d5 3. e5 c5 4. c3 Nc6 5. Nf3 Bg4 6. Be3 c4 7. Be2 Bxf3 8. Bxf3 e6 9. Nd2 Nge7 10. Bg5 Qc7 11. Bxe7 Bxe7 12. O-O b5 13. a3 O-O 14. g3 a5 15. h4 b4 16. axb4 axb4 17. Qe2 Qb7 18. Bh5 b3 19. Nf3 Ra2 20. Rxa2 bxa2 21. Ra1 Qb3 22. Qd1 Rb8 23. Qxb3 Rxb3 24. Rxa2 g6 25. Bg4 h5 26. Bh3 Kg7 27. Ng5 Rb6 28. f4 Rb7 29. Kf2 Bd8 30. Ke3 Na5 31. Bxe6 Bxg5 32. hxg5 fxe6 33. Rxa5 Rxb2 34. Ra7+ Kf8 35. Ra6 Kf7 36. Ra7+ Kf8 1/2-1/2

[Event "4NCL Online Division 4"]
[Site "online"]
[Date "2022.02.08"]
[EventDate "2022.02.08"]
[Round "2.142"]
[White "Flood, Raymond"]
[WhiteElo "1623"]
[WhiteTeam "Dundee City D"]
[Black "Blair, Jimmy"]
[BlackElo "1391"]
[BlackTeam "War & Piece Banner"]
[Result "1/2-1/2"]
[PlyCount "166"]

1. e4 c5 2. Nc3 d6 3. g3 Nf6 4. Bg2 g6 5. d3 Bg7 6. Nge2 O-O 7. O-O Nc6 8. h3 Bd7 9. Be3 Qc8 10. Kh2 Ne5 11. f4 Neg4+ 12. hxg4 Nxg4+ 13. Kh1 Nxe3 14. Qd2 Nxf1 15. Rxf1 Bh3 16. b3 Bxg2+ 17. Kxg2 a5 18. Nd5 Qd8 19. f5 e6 20. Ne3 exf5 21. exf5 d5 22. Nf4 d4 23. Ned5 g5 24. f6 gxf4 25. Ne7+ Kh8 26. fxg7+ Kxg7 27. Nf5+ Kh8 28. Qxf4 Qd5+ 29. Kg1 Rae8 30. Qh6 Qe5 31. Qb6 Rg8 32. Qxb7 Rxg3+ 33. Nxg3 Qxg3+ 34. Qg2 Qe3+ 35. Kh1 Rg8 36. Rf3 Rxg2 37. Rxe3 Rxc2 38. Re8+ Kg7 39. a4 Rc3 40. Rc8 Rxb3 41. Rxc5 Rb4 42. Rxa5 Rb3 43. Rd5 Rxd3 44. a5 Ra3 45. Rxd4 Rxa5 46. Kg2 Ra3 47. Rg4+ Kf6 48. Rf4+ Kg6 49. Rg4+ Kf6 50. Rf4+ Ke6 51. Rh4 f5 52. Rxh7 Ke5 53. Rh4 f4 54. Rh7 Rg3+ 55. Kf2 Rg6 56. Rh3 Ke4 57. Rf3 Ra6 58. Rh3 Ra2+ 59. Kf1 f3 60. Rh7 Ra5 61. Kf2 Ra2+ 62. Kf1 Ra5 63. Kf2 Rg5 64. Kf1 Ke3 65. Re7+ Kf4 66. Kf2 Rg2+ 67. Kf1 Rg4 68. Kf2 Rg2+ 69. Kf1 Rg5 70. Kf2 Ra5 71. Kf1 Re5 72. Rxe5 Kxe5 73. Ke1 Kf4 74. Kf2 Kg4 75. Kf1 Kg3 76. Kg1 Kf4 77. Kf2 Ke4 78. Kf1 Ke3 79. Ke1 Kd3 80. Kf2 Ke4 81. Kf1 Ke3 82. Ke1 f2+ 83. Kf1 Kf3 1/2-1/2

[Event "4NCL Online Division 4"]
[Site "online"]
[Date "2022.02.08"]
[EventDate "2022.02.08"]
[Round "2.143"]
[White "Bailey, Duncan"]
[WhiteElo "1389"]
[WhiteTeam "War & Piece Banner"]
[Black "Hackney, Leyton"]
[BlackElo "1597"]
[BlackTeam "Dundee City D"]
[Result "1-0"]
[PlyCount "181"]

1. c4 f6 2. Nc3 e5 3. Nf3 Bb4 4. Nd5 Bd6 5. d4 c6 6. c5 cxd5 7. cxd6 e4 8. Nh4 Qb6 9. e3 g6 10. f4 Qxd6 11. b3 Nc6 12. Be2 f5 13. O-O Qf6 14. Qe1 d6 15. Ba3 Nh6 16. Rc1 Bd7 17. b4 a6 18. Bb2 Nf7 19. a4 O-O 20. b5 axb5 21. axb5 Na7 22. b6 Nc6 23. Rc2 Qd8 24. Qg3 Kg7 25. Rfc1 Qxb6 26. Bh5 Nh8 27. Ba1 Qb3 28. Rc3 Qa2 29. R3c2 Qa5 30. Be2 Rfc8 31. Qe1 Qxe1+ 32. Rxe1 Ra3 33. Rc3 Rca8 34. Bb2 Rxc3 35. Bxc3 Nd8 36. Bb4 Nhf7 37. g3 Bc6 38. Kf2 Ra2 39. Kf1 Ne6 40. Ng2 Nc7 41. Rb1 Kf6 42. Bd1 Bb5+ 43. Kg1 Bc4 44. g4 b5 45. g5+ Ke6 46. Be1 Nd8 47. h4 Na6 48. h5 Nc6 49. hxg6 hxg6 50. Nh4 Kf7 51. Bf2 Ncb4 52. Ng2 Nd3 53. Bg3 Nab4 54. Kh2 Nc2 55. Bxc2 Rxc2 56. Ra1 b4 57. Ra7+ Kf8 58. Kh3 b3 59. Nh4 b2 60. Nxg6+ Ke8 61. Re7+ Kd8 62. Rb7 Rc1 63. Rb8+ Kc7 64. Rxb2 Nxb2 65. Ne7 Rh1+ 66. Kg2 Rh7 67. Nxf5 Kd7 68. Bh4 Ke6 69. Nh6 Nd1 70. Bf2 Rxh6 71. gxh6 Nxf2 72. h7 Ng4 73. h8=Q Nxe3+ 74. Kg3 Nf5+ 75. Kg4 Kd7 76. Kxf5 e3 77. Qh3 e2 78. Kg6+ Kc6 79. Qe3 Kd7 80. f5 Bd3 81. Kg5 Be4 82. f6 Ke8 83. Qxe2 Kf7 84. Qh5+ Ke6 85. f7 Ke7 86. f8=Q+ Kxf8 87. Kf6 Bg6 88. Qh6+ Ke8 89. Qxg6+ Kd7 90. Qc2 Kd8 91. Ke6 1-0

[Event "4NCL Online Division 4"]
[Site "online"]
[Date "2022.02.08"]
[EventDate "2022.02.08"]
[Round "2.144"]
[White "Barron-Majerik, Jan"]
[WhiteElo "1573"]
[WhiteTeam "Dundee City D"]
[Black "O'Neill, Stephen G"]
[BlackElo "1352"]
[BlackTeam "War & Piece Banner"]
[Result "1-0"]
[PlyCount "33"]

1. d4 d5 2. Nf3 Nf6 3. Bf4 b6 4. e3 Nh5 5. Be5 Nc6 6. Bb5 Bd7 7. Nc3 f6 8. Bg3 Nxg3 9. hxg3 e6 10. a3 Bd6 11. Bd3 Ne7 12. Nh4 e5 13. Qh5+ g6 14. Nxg6 Nxg6 15. Bxg6+ Ke7 16. Nxd5+ Ke6 17. Bf7# 1-0

[Event "4NCL Online Division 4"]
[Site "online"]
[Date "2022.02.08"]
[EventDate "2022.02.08"]
[Round "2.151"]
[White "Kassey, Amaan"]
[WhiteElo "1671"]
[WhiteTeam "Oxford 4"]
[Black "Hall, Antony C"]
[BlackElo "1882"]
[BlackTeam "Streatham B"]
[Result "0-1"]
[PlyCount "72"]

1. e4 d6 2. d4 Nf6 3. Nc3 g6 4. h3 Bg7 5. Nf3 Nc6 6. Bc4 O-O 7. O-O h6 8. Be3 Bd7 9. Qd2 Kh7 10. Rfe1 e5 11. dxe5 dxe5 12. Bc5 Rh8 13. Bxf7 Nh5 14. Rad1 Be8 15. Qe3 Qc8 16. Bxe8 Rxe8 17. Nd5 b6 18. Ba3 Nd4 19. Nxd4 exd4 20. Qd3 c5 21. c3 Qc6 22. Rc1 c4 23. Qc2 d3 24. Qd1 Nf6 25. Nxf6+ Bxf6 26. b3 b5 27. bxc4 bxc4 28. Re3 Bg5 29. Rf3 Bxc1 30. Qxc1 Rxe4 31. Bf8 g5 32. Qa3 d2 33. Rf7+ Kg8 34. Rg7+ Kh8 35. Re7 d1=Q+ 36. Kh2 Qcd6+ 0-1

[Event "4NCL Online Division 4"]
[Site "online"]
[Date "2022.02.08"]
[EventDate "2022.02.08"]
[Round "2.152"]
[White "Hanney, Matthew"]
[WhiteElo "1800"]
[WhiteTeam "Streatham B"]
[Black "King, Simon E"]
[BlackElo "1669"]
[BlackTeam "Oxford 4"]
[Result "1-0"]
[PlyCount "61"]

1. e4 e5 2. Nc3 Nf6 3. f4 d6 4. Bc4 Be7 5. d3 O-O 6. Nf3 Nc6 7. h3 Nh5 8. O-O Nxf4 9. Bxf4 exf4 10. d4 g5 11. Nd5 Kh8 12. Bd3 Rg8 13. Nh2 Nxd4 14. Qh5 Rg7 15. Rae1 c6 16. Nxf4 gxf4 17. Rxf4 Be6 18. e5 Qg8 19. g4 Rg5 20. Qh6 Nf5 21. Bxf5 Bxf5 22. exd6 Bd8 23. Nf3 Rg6 24. Qh5 Bxc2 25. Ne5 Rf6 26. Nxf7+ Qxf7 27. Qxf7 Rxf7 28. Rxf7 Bb6+ 29. Kg2 Rd8 30. d7 Bg6 31. Re8+ 1-0

[Event "4NCL Online Division 4"]
[Site "online"]
[Date "2022.02.08"]
[EventDate "2022.02.08"]
[Round "2.153"]
[White "Hertog, Alexander"]
[WhiteElo "1646"]
[WhiteTeam "Oxford 4"]
[Black "Spencer, Alex"]
[BlackElo "1580"]
[BlackTeam "Streatham B"]
[Result "0-1"]
[PlyCount "78"]

1. Nf3 c6 2. e3 d5 3. b3 Nf6 4. Bb2 Bg4 5. Be2 Nbd7 6. h3 Bxf3 7. Bxf3 e5 8. c4 Bd6 9. O-O O-O 10. Nc3 Qa5 11. d3 Rad8 12. a3 d4 13. b4 Qc7 14. exd4 exd4 15. Ne2 Rfe8 16. Nxd4 Be5 17. Rb1 Nf8 18. Nb3 Ng6 19. Qc2 Bxb2 20. Rxb2 Ne5 21. Be2 b6 22. d4 Ng6 23. c5 Nf4 24. Bf3 Qd7 25. Qd2 Ne6 26. Rd1 Nd5 27. Qd3 Nef4 28. Qc4 h5 29. Bxd5 cxd5 30. Qf1 Re6 31. Kh2 Rde8 32. Rbb1 Qc7 33. g3 h4 34. gxf4 Qxf4+ 35. Kh1 Rg6 36. Qd3 Qxf2 37. Rd2 Re1+ 38. Rxe1 Qxe1+ 39. Kh2 Qg1# 0-1

[Event "4NCL Online Division 4"]
[Site "online"]
[Date "2022.02.08"]
[EventDate "2022.02.08"]
[Round "2.154"]
[White "Cutter, Tim J"]
[WhiteElo "1540"]
[WhiteTeam "Streatham B"]
[Black "Tishkin, Andrey"]
[BlackElo "1573"]
[BlackTeam "Oxford 4"]
[Result "1/2-1/2"]
[PlyCount "70"]

1. e4 c5 2. c3 Nf6 3. d3 d5 4. Nd2 Nc6 5. Ngf3 g6 6. Be2 Bg7 7. O-O O-O 8. Ne1 dxe4 9. dxe4 e5 10. g3 Bh3 11. Ng2 Qc7 12. Qc2 a6 13. Nf3 h6 14. a3 b5 15. Nfh4 g5 16. Nf5 Bxf5 17. exf5 e4 18. f3 exf3 19. Bxf3 Rad8 20. Bd2 Ne5 21. Be2 c4 22. Rad1 Rfe8 23. Bc1 Rxd1 24. Qxd1 Rd8 25. Qc2 Neg4 26. Bxg4 Nxg4 27. Qe2 Nf6 28. Qf3 Qd7 29. Ne3 Qc7 30. Ng4 Nxg4 31. Qxg4 Qc5+ 32. Kh1 Qd5+ 33. Kg1 Qc5+ 34. Kh1 Qd5+ 35. Kg1 Qc5+ 1/2-1/2

[Event "4NCL Online Division 4"]
[Site "online"]
[Date "2022.02.08"]
[EventDate "2022.02.08"]
[Round "2.161"]
[White "Kumar, Soham"]
[WhiteElo "1891"]
[WhiteTeam "Farnham B"]
[Black "Jukes, Ben"]
[BlackElo "1565"]
[BlackTeam "Wells Globetrotters 2"]
[Result "1-0"]
[PlyCount "87"]

1. e4 c5 2. Nf3 e6 3. d4 cxd4 4. Nxd4 Nc6 5. Be3 Nf6 6. Nc3 Bb4 7. Bd3 Ne5 8. O-O Nxd3 9. Qxd3 a6 10. e5 Ng8 11. Ne4 f5 12. Ng5 h6 13. Ndxe6 dxe6 14. Qxd8+ Kxd8 15. Nf7+ Ke8 16. Nxh8 Ne7 17. c3 Ba5 18. Bc5 Nc6 19. Ng6 Kf7 20. Nf4 Nxe5 21. Rad1 Ng4 22. h3 Nf6 23. b4 Bc7 24. Bd6 Bb6 25. c4 g5 26. Nd3 Bd4 27. Ne5+ Bxe5 28. Bxe5 Ne4 29. Rd8 h5 30. Rfd1 b6 31. f3 Nf6 32. R1d6 b5 33. Rc6 Nd7 34. Rcxc8 Rxc8 35. Rxd7+ Kg6 36. c5 a5 37. a3 axb4 38. axb4 f4 39. Rg7+ Kf5 40. Bd6 Ra8 41. c6 Kf6 42. Rd7 e5 43. c7 Ra1+ 44. Kh2 1-0